The city assembled : (Record no. 96962)
[ view plain ]
| 000 -LEADER | |
|---|---|
| fixed length control field | 01014cam a22002654a 4500 |
| 001 - CONTROL NUMBER | |
| control field | 13502714 |
| 005 - DATE AND TIME OF LATEST TRANSACTION | |
| control field | 20170811110421.0 |
| 008 - FIXED-LENGTH DATA ELEMENTS--GENERAL INFORMATION | |
| fixed length control field | 040226r20051992nyuab b 001 0 eng |
| 020 ## - INTERNATIONAL STANDARD BOOK NUMBER | |
| International Standard Book Number | 0500281726 (pbk.) |
| 040 ## - CATALOGING SOURCE | |
| Transcribing agency | PK-LaUMT |
| 082 ## - DEWEY DECIMAL CLASSIFICATION NUMBER | |
| Classification number | 711.409 |
| Item number | KOS-C |
| 100 1# - MAIN ENTRY--PERSONAL NAME | |
| Personal name | Kostof, Spiro |
| 245 14 - TITLE STATEMENT | |
| Title | The city assembled : |
| Remainder of title | the elements of urban form through history / |
| Statement of responsibility, etc | Spiro Kostof ; with the collaboration of Greg Castillo ; original drawings by Richard Tobias. |
| 260 ## - PUBLICATION, DISTRIBUTION, ETC. (IMPRINT) | |
| Place of publication, distribution, etc | New York, NY : |
| Name of publisher, distributor, etc | Thames & Hudson, |
| Date of publication, distribution, etc | 2005 |
| 300 ## - PHYSICAL DESCRIPTION | |
| Extent | 320 p. : |
| Other physical details | ill. (some col.), maps ; |
| Dimensions | 26 |
| -- | cm. |
| 500 ## - GENERAL NOTE | |
| General note | Originally published: Boston : Little, Brown, c1992. |
| 500 ## - GENERAL NOTE | |
| General note | "Both an independent study and a companion volume to Kostof's The city shaped"--P. [4] of cover. |
| 650 #0 - SUBJECT ADDED ENTRY--TOPICAL TERM | |
| Topical term or geographic name as entry element | Cities and towns |
| General subdivision | History. |
| 650 #0 - SUBJECT ADDED ENTRY--TOPICAL TERM | |
| Topical term or geographic name as entry element | Cities and towns |
| General subdivision | Growth. |
| 650 #0 - SUBJECT ADDED ENTRY--TOPICAL TERM | |
| Topical term or geographic name as entry element | City and town life |
| General subdivision | History. |
| 650 #0 - SUBJECT ADDED ENTRY--TOPICAL TERM | |
| Topical term or geographic name as entry element | Public spaces |
| General subdivision | History. |
| 650 #0 - SUBJECT ADDED ENTRY--TOPICAL TERM | |
| Topical term or geographic name as entry element | City planning |
| General subdivision | History. |
| 700 1# - ADDED ENTRY--PERSONAL NAME | |
| Personal name | Castillo, Greg. |
| 942 ## - ADDED ENTRY ELEMENTS (KOHA) | |
| Koha item type | Books |
| Withdrawn status | Lost status | Damaged status | Home library | Current library | Date acquired | Full call number | Barcode | Date last seen | Price effective from | Koha item type |
|---|---|---|---|---|---|---|---|---|---|---|
| UMT Main Campus | UMT Main Campus | 2017-08-11 | 711.409 KOS-C | 112228 | 2026-02-17 | 2017-08-11 | Books |
